| 000 | 00664cam a22002413a 4500 | ||
|---|---|---|---|
| 001 | 16699 | ||
| 003 | PGUSA | ||
| 005 | 20140828083345.0 | ||
| 008 | 050915s2005||||xxu|||||s|||||000 1 eng d | ||
| 040 |
_aPGUSA _beng |
||
| 042 | _adc | ||
| 050 | 4 | _aPS | |
| 100 | 1 |
_aCody, H. A. _q(Hiram Alfred), _d1872-1948 |
|
| 245 | 1 | 0 |
_aGlen of the High North _h[electronic resource] / _cH. A. Cody |
| 260 |
_bProject Gutenberg, _c2005 |
||
| 506 | _aPublic domain in the USA. | ||
| 516 | _aElectronic text | ||
| 653 | _aLove stories | ||
| 653 | _aAlaska -- Fiction | ||
| 830 | 0 |
_aProject Gutenberg _v16699 |
|
| 856 | 4 | 0 | _uhttp://www.gutenberg.org/ebooks/16699 |
| 942 | _cEB | ||
| 999 |
_c245954 _d245954 |
||